000 00482pab a2200181 454500
008 180718b2017 xxu||||| |||| 00| 0 eng d
100 _aPradhan, Pramodini
245 _aCommunal violence in Bhadrak, Odisha
260 _c2017
300 _ap.32-34.
362 _a15 Jul
650 _aViolence - India - Odisha
650 _aCommunalism - India - Odisha
650 _aCommunalism
700 _aRoutray, Sailen
773 _aEconomic and Political Weekly
909 _a115590
999 _c115584
_d115584